The Mitrokhin archive II: (Record no. 158442)

MARC details
000 -LEADER
fixed length control field 00708nam a22002057a 4500
005 - DATE AND TIME OF LATEST TRANSACTION
control field 20181029151317.0
010 ## - LCCN (DPL NO)
LC control number B-710667
020 ## - INTERNATIONAL STANDARD BOOK NUMBER
International Standard Book Number 9780713993592
035 ## - SYSTEM CONTROL NUMBER
System control number B-710667
037 ## - SOURCE OF ACQUISITION
Source of stock number/acquisition Penguin Books
082 ## - DEWEY DECIMAL CLASSIFICATION NUMBER
Classification number 327.124704
100 ## - MAIN ENTRY--PERSONAL NAME
Personal name Andrew, Christopher
245 ## - TITLE STATEMENT
Title The Mitrokhin archive II:
Remainder of title The KGB and the world /
Statement of responsibility, etc Christopher Andrew [and] Vasili Mitrokhin
260 ## - PUBLICATION, DISTRIBUTION, ETC. (IMPRINT)
Place of publication, distribution, etc New Delhi
Name of publisher, distributor, etc Penguin
Date of publication, distribution, etc 2005
270 ## - ADDRESS
Address II , Community Centre, Panchsheel Park
City New Delhi
Postal code 110017
300 ## - PHYSICAL DESCRIPTION
Extent xxxiii, 677p.
Dimensions 24 cm(pbk)
500 ## - GENERAL NOTE
General note includes bibliographical references and index
942 ## - ADDED ENTRY ELEMENTS (KOHA)
Source of classification or shelving scheme Dewey Decimal Classification
Item type English Books
Classification part 327.124704
Call number suffix AND
Holdings
Withdrawn status Lost status Not for loan Collection code Home library Current library Date acquired Source of acquisition Full call number Barcode Copy number Koha item type
      Non-fiction Ashok Vihar Ashok Vihar 29/10/2018 Gift/16-10-2018 327.124704 AND B-710667 1 English Books

© Delhi Public Library
Hit Counter
free hit counter